| 000 | 00387pab a2200157 454500 | ||
|---|---|---|---|
| 008 | 180718b2017 xxu||||| |||| 00| 0 eng d | ||
| 100 | _aShah, Nisha | ||
| 245 | _aDeath in the details: finding dead bodies at the Canadian war museum | ||
| 260 | _c2017 | ||
| 300 | _ap.549-569. | ||
| 362 | _aJul | ||
| 650 | _aWeapons | ||
| 650 | _aWar | ||
| 773 | _aOrganization | ||
| 909 | _a115407 | ||
| 999 |
_c115401 _d115401 |
||